000 00252nam a22001217a 4500
008 180312b xxu||||| |||| 00| 0 eng d
041 _aeng
080 _a512
100 _a36
101 _aMAT
245 _aCALCULUS
_cFREDERIC.H.M
942 _2udc
_cBK
999 _c44733
_d44733